000 00654cab a2200217 4500
001 WB3316-10
008 090401t1997 xxu||||| |||| 00| 0 eng d
035 _a(Sirsi) u77908
041 _aeng
245 2 _aA town rises from the pits
260 _c1997
350 _a0
490 _aTimes
_v23 April 1997,25(1)
520 _aThe biggest new town development is to be built on the edge of the Fens. Plans for Hampton new town, Peterborough, include the world`s largest nature reserve.
650 _aHAMPTON
650 _aNEW SETTLEMENTS
650 _aNEW TOWNS
690 _aPROPERTY-PROPERTY DEVELOPMENT
942 _n0
948 _c23/04/1997
999 _c48992
_d48992